Regresné modely v programovacom jazyku R bakalárska práca

Na minha lista:
Detalhes bibliográficos
Autor principal: Kliman, Roman
Autor Corporativo: Fakulta hospodárskej informatiky EU. Katedra štatistiky
Outros Autores: Mihalech, Patrik, 1994-
Formato: Livro
Idioma:eslovaco
Publicado em: Bratislava 2023
Tags: Adicionar Tag
Sem tags, seja o primeiro a adicionar uma tag!

MARC

LEADER 00000nbm a2200000 4500
001 0296006
005 20240306084721.1
041 0 |a slo 
044 |a SK 
245 1 0 |a Regresné modely v programovacom jazyku R  |b bakalárska práca  |c Roman Kliman ; školiteľ: Patrik Mihalech 
264 1 |a Bratislava  |c 2023 
300 |a 56 s. 
100 1 |a Kliman, Roman 
700 1 |a Mihalech, Patrik, 1994- 
710 2 |a Fakulta hospodárskej informatiky EU. Katedra štatistiky